000 01459cad a22003135a 4500
001 L158730
008 101207s2012 xxk 000 0 eng u
035 _a(Sirsi) u158730
041 0 _aeng
050 0 4 _a333.332 $2 18
110 2 _aRoyal Institution of Chartered Surveyors
_94900
245 0 5 _aRICS Building survey
_bSample form
_h[electronic resource]
260 _aCoventry
_bRICS
_c2012
490 0 _aRICS Model Form
505 2 _aIntroduction to the report -- About the inspection -- Overall assessment and summary of condition ratings -- About the property -- Outside the property -- Inside the property -- Services -- Grounds (including shared areas for flats) -- Issues for your legal advisers -- Risks -- Energy efficiency -- Surveyor?s declaration -- What to do now -- Description of the RICS Building Survey Service -- Typical house diagram
520 _aRICS Home Surveys resources http://www.rics.org/uk/knowledge/home-survey-suite/home-surveys-resources/
521 _aAdvanced
590 _aKA
650 2 4 _aBUILDING SURVEY
651 4 _aEngland
_y886-
651 4 _aWales
_y2007-
651 4 _aNorthern Ireland
_y2007-
651 4 _aChannel Islands
651 4 _aIsle of Man
690 _aValuation
_96273
690 _aBuilding surveying
_96225
856 4 1 _uhttps://www.rics.org/Global/RICS%20Building%20Survey%20-%20sample%20form.pdf
_zView the item free of charge (member-only content) at www.rics.org...
942 _n0
999 _c115483
_d115483